000 01144nam a22002897a 4500
008 160808b xxu||||| |||| 00| 0 eng d
010 _a1617EN ENG-116931
020 _a9780198077053
_c550.00
020 _a9780198077053
_c599.00 (AV)
035 _aB-651304-310
035 _aEN-100463
035 _aB-667814
037 _adpl
_bPragati
037 _bDBAD/PUB
082 _a658.45
100 _aRaman,Meenakshi
245 _aBusiness communication /
_cby Meenakshi Raman and Prakash Singh
250 _a2nd ed.
260 _aNew Delhi
_bOxford University Press
_c2016(rpt)
270 _aYMCA Building, 1 Jai Singh Road
_bNew Delhi
_e110001
300 _axvi, 498 p.
_c24cm
_billus.
500 _aIncludes index
700 _aSingh, Prakash
942 _2ddc
_cEN
_h658.45
_mRAM
999 _c101928
_d101928